[Event "VIII Festival de Semana Santa"]
[Site "Mondariz Balneario, Pontevedra"]
[Date "2011.04.17"]
[Round "2.15"]
[White "Garcia Magadan, Ramon"]
[Black "Blanco Dans, Manuel"]
[Result "1-0"]
[WhiteElo "2046"]
[BlackElo "1690"]
[PlyCount "28"]
[EventDate "2011.04.16"]

1. e4 Nf6 2. e5 Nd5 3. d4 d6 4. c4 Nb6 5. exd6 exd6 6. h3 Nc6 7. Nf3 Be7 8. Nc3
O-O 9. Be2 Bf5 10. Be3 Bf6 11. O-O Re8 12. b3 a5 13. Rc1 d5 14. c5 Nc8 {
Jugadas restantes ilegibles} 1-0

[Event "VIII Festival de Semana Santa"]
[Site "Mondariz Balneario, Pontevedra"]
[Date "2011.04.17"]
[Round "2.16"]
[White "Dominguez Certal, Dario"]
[Black "Ruiz Abad, Juan Manuel"]
[Result "0-1"]
[WhiteElo "1529"]
[BlackElo "1895"]
[PlyCount "51"]
[EventDate "2011.04.16"]

1. d4 Nf6 2. c4 c5 3. e3 g6 4. Nf3 Bg7 5. Nc3 O-O 6. Be2 d5 7. cxd5 Nxd5 8.
Nxd5 Qxd5 9. O-O Nc6 10. dxc5 Qxc5 11. Qb3 Na5 12. Qb5 Qxb5 13. Bxb5 a6 14. Be2
Nc6 15. Rd1 Bf5 16. Nd4 Nxd4 17. exd4 Be4 18. Bd3 Bxd3 19. Rxd3 Rfd8 20. Be3
Rd5 21. Rad1 Rad8 22. Kf1 e5 23. Ke2 exd4 24. Bxd4 Rxd4 25. Rxd4 Rxd4 26. Rxd4
0-1

[Event "VIII Festival de Semana Santa"]
[Site "Mondariz Balneario, Pontevedra"]
[Date "2011.04.17"]
[Round "2.17"]
[White "Salas Rasilla, Concepcion"]
[Black "Nunez Alonso, Raul"]
[Result "1-0"]
[WhiteElo "1809"]
[BlackElo "1442"]
[PlyCount "37"]
[EventDate "2011.04.16"]

1. Nf3 d5 2. c4 e6 3. g3 Nf6 4. Bg2 Be7 5. O-O O-O 6. cxd5 exd5 7. d4 Bf5 8.
Nc3 Nbd7 9. Ne5 Nxe5 10. dxe5 Ne4 11. Nxd5 c6 12. Nxe7+ Qxe7 13. Qb3 Rab8 14.
Be3 b5 15. Rac1 Rfc8 16. Rfd1 c5 17. Qd5 Rd8 18. Qc6 Qxe5 19. Bf4 1-0

[Event "VIII Festival de Semana Santa"]
[Site "Mondariz Balneario, Pontevedra"]
[Date "2011.04.18"]
[Round "3.1"]
[White "Renteria, Jorge"]
[Black "Clemente Llamero, Roberto"]
[Result "1-0"]
[WhiteElo "2292"]
[BlackElo "2114"]
[PlyCount "97"]
[EventDate "2011.04.16"]

1. e4 c6 2. d4 d5 3. Nc3 dxe4 4. Nxe4 Bf5 5. Ng3 Bg6 6. h4 h6 7. Nf3 Nd7 8. h5
Bh7 9. Bd3 Bxd3 10. Qxd3 e6 11. Bd2 Qc7 12. Ne4 Ngf6 13. O-O-O O-O-O 14. Nxf6
Nxf6 15. Qe2 Bd6 16. g3 Rhe8 17. Kb1 Nd7 18. c4 c5 19. Bc3 f5 20. Rhe1 Nf6 21.
dxc5 Bxc5 22. Be5 Qf7 23. Bf4 Rxd1+ 24. Rxd1 Rd8 25. Rxd8+ Kxd8 26. Qe5 Qd7 27.
Qxc5 Qd1+ 28. Bc1 Qxf3 29. Qd6+ Nd7 30. Qxe6 Qd3+ 31. Ka1 Qf1 32. Qe3 Qxc4 33.
Kb1 b6 34. b3 Qc6 35. Bb2 Qh1+ 36. Qc1 Qxh5 37. Bxg7 Qf3 38. Bxh6 Qe4+ 39. Kb2
Qe5+ 40. Ka3 Qd6+ 41. b4 Qd3+ 42. Ka4 Qa6+ 43. Kb3 Qd3+ 44. Qc3 Qd5+ 45. Qc4
Qd1+ 46. Ka3 Qf3+ 47. Be3 Qd1 48. Bg5+ Ke8 49. Qe6+ 1-0

[Event "VIII Festival de Semana Santa"]
[Site "Mondariz Balneario, Pontevedra"]
[Date "2011.04.18"]
[Round "3.2"]
[White "Martin Duque, Jesus"]
[Black "Martinez Rodriguez, Pablo"]
[Result "0-1"]
[WhiteElo "2113"]
[BlackElo "2284"]
[PlyCount "74"]
[EventDate "2011.04.16"]

1. e4 c6 2. d4 d5 3. Nd2 dxe4 4. Nxe4 Bf5 5. Ng3 Bg6 6. h4 h6 7. Nf3 Nd7 8. h5
Bh7 9. Bd3 Bxd3 10. Qxd3 e6 11. Bd2 Qc7 12. O-O-O Ngf6 13. Ne4 O-O-O 14. g3
Nxe4 15. Qxe4 Bd6 16. c4 c5 17. d5 exd5 18. cxd5 Kb8 19. Bc3 Rhe8 20. Qc2 f6
21. Nh4 Nb6 22. Nf5 Bf8 23. Ba5 Re5 24. Ne3 Qf7 25. Bxb6 axb6 26. g4 b5 27. Qd2
c4 28. f4 Re4 29. Nf5 b4 30. d6 c3 31. bxc3 bxc3 32. Qc2 Qc4 33. Rh3 Bxd6 34.
Nxd6 Rxd6 35. Rxd6 Re1+ 36. Qd1 Rxd1+ 37. Rxd1 Qb4 0-1

[Event "VIII Festival de Semana Santa"]
[Site "Mondariz Balneario, Pontevedra"]
[Date "2011.04.18"]
[Round "3.3"]
[White "Villar Perez, Samuel"]
[Black "Madurga Lopez, Ignacio"]
[Result "1-0"]
[WhiteElo "2156"]
[BlackElo "2017"]
[PlyCount "55"]
[EventDate "2011.04.16"]

1. d4 Nf6 2. Nf3 g6 3. c4 Bg7 4. Nc3 O-O 5. e4 d6 6. Be2 e5 7. Be3 Na6 8. dxe5
dxe5 9. c5 Ng4 10. Bg5 Qxd1+ 11. Rxd1 h6 12. Bxa6 bxa6 13. Be7 Re8 14. Nd5 Rb8
15. h3 c6 16. Bd6 Nxf2 17. Nc7 Rxb2 18. Nxe8 Nxh1 19. Nxg7 Ng3 20. Nd2 f6 21.
Ne8 Kf7 22. Nc7 Rxa2 23. Rb1 Nxe4 24. Nxe4 Bf5 25. Rb8 Bxe4 26. Rf8+ Kg7 27.
Ne8+ Kh7 28. Nxf6+ 1-0

[Event "VIII Festival de Semana Santa"]
[Site "Mondariz Balneario, Pontevedra"]
[Date "2011.04.18"]
[Round "3.4"]
[White "Gonzalez Roca, Pablo"]
[Black "Montes Gutierrez, Ignacio"]
[Result "1-0"]
[WhiteElo "2024"]
[BlackElo "2201"]
[PlyCount "103"]
[EventDate "2011.04.16"]

1. e4 d5 2. exd5 Qxd5 3. Nc3 Qa5 4. d4 Nf6 5. Nf3 Ne4 6. Bd3 Nxc3 7. bxc3 g6 8.
O-O Bg7 9. Re1 O-O 10. Rxe7 Nc6 11. Re1 Qxc3 12. Bd2 Qa3 13. Rb1 Qxa2 14. c3
Qd5 15. Bf4 Qd8 16. Qd2 b6 17. Bg3 Bb7 18. Qf4 Rc8 19. h4 Ne7 20. c4 Bxf3 21.
gxf3 Nc6 22. d5 Nd4 23. Rbd1 Qf6 24. Qxf6 Bxf6 25. Kg2 Nb3 26. Bc2 Nd4 27. Bb1
Rfd8 28. Re3 a5 29. h5 Rd7 30. Rde1 Kf8 31. Bf4 Bg7 32. Bg5 f6 33. Bf4 Kf7 34.
Re4 f5 35. hxg6+ hxg6 36. Re6 Bf6 37. Rxf6+ Kxf6 38. Be5+ Kf7 39. Bxd4 Re8 40.
Be5 f4 41. Re4 g5 42. Kh3 Rde7 43. Bb2 Rxe4 44. fxe4 a4 45. Kg4 Rg8 46. e5 Rb8
47. e6+ Ke8 48. Kxg5 b5 49. Kf6 b4 50. Bg6+ Kf8 51. Bf7 Re8 52. Bd4 1-0

[Event "VIII Festival de Semana Santa"]
[Site "Mondariz Balneario, Pontevedra"]
[Date "2011.04.18"]
[Round "3.5"]
[White "Pimienta Sanchez, Manuel"]
[Black "Montanes Arribas, Adrian"]
[Result "0-1"]
[WhiteElo "1877"]
[BlackElo "2160"]
[PlyCount "136"]
[EventDate "2011.04.16"]

1. b3 d5 2. Bb2 Nf6 3. Nf3 Bf5 4. e3 e6 5. Be2 Bd6 6. O-O h6 7. Nd4 Bh7 8. Nb5
Be7 9. Be5 Na6 10. d4 c6 11. N5c3 Nb4 12. Bd3 Nxd3 13. cxd3 O-O 14. Qe2 Nd7 15.
Nd2 Nxe5 16. dxe5 Qa5 17. Rac1 Ba3 18. Rc2 Bb4 19. Ncb1 Qb5 20. e4 dxe4 21.
Nxe4 Qxe5 22. a3 Be7 23. f4 Qd4+ 24. Kh1 Rad8 25. Rd2 Qb6 26. b4 a5 27. Ng3 Bh4
28. Nh5 Bf5 29. Qe5 f6 30. Qxa5 Qxa5 31. bxa5 Bg6 32. Nxg7 Kxg7 33. g3 Bxg3 34.
hxg3 Rxd3 35. Rxd3 Bxd3 36. Rc1 Ra8 37. Nd2 Rxa5 38. Rc3 Rd5 39. Kg1 Bb5 40.
Ne4 b6 41. Nf2 h5 42. Re3 e5 43. fxe5 fxe5 44. Kg2 Kg6 45. Rf3 c5 46. Ne4 Bd3
47. Nc3 Rd4 48. Re3 e4 49. Kf2 Kf5 50. Re1 Bc2 51. Nb5 Rd2+ 52. Ke3 Rd3+ 53.
Kf2 Rf3+ 54. Kg2 Kg4 55. Nd6 Rxg3+ 56. Kh2 Rxa3 57. Nc4 Ra2 58. Rg1+ Kf3 59.
Rf1+ Ke2 60. Kg1 e3 61. Ne5 Ra8 62. Rf4 Rg8+ 63. Kh2 Rg5 64. Nf3 Rf5 65. Ng1+
Kd1 66. Rc4 e2 67. Nf3 Rxf3 68. Rxc2 Kxc2 0-1

[Event "VIII Festival de Semana Santa"]
[Site "Mondariz Balneario, Pontevedra"]
[Date "2011.04.18"]
[Round "3.6"]
[White "Draghici Flutur, Gavril"]
[Black "Ballesteros Galvez, Daniel"]
[Result "0-1"]
[WhiteElo "2126"]
[BlackElo "1683"]
[PlyCount "140"]
[EventDate "2011.04.16"]

1. c4 e6 2. e4 d6 3. d4 e5 4. Nf3 Nc6 5. d5 Nce7 6. Bd3 Nf6 7. O-O Ng6 8. Nc3
Be7 9. Bc2 O-O 10. h3 Bd7 11. Be3 h6 12. Qd2 Nh7 13. b4 Ng5 14. Nxg5 Bxg5 15.
Ne2 Bxe3 16. Qxe3 Qg5 17. Qxg5 hxg5 18. Kh2 Nf4 19. Ng1 g6 20. g3 Nh5 21. Nf3
g4 22. hxg4 Bxg4 23. Kg2 Kg7 24. Rh1 Rh8 25. Rh4 Nf4+ 26. gxf4 Bxf3+ 27. Kxf3
Rxh4 28. fxe5 dxe5 29. c5 Rh3+ 30. Ke2 Rd8 31. Rd1 Rc3 32. Kd2 Rc4 33. a3 f5
34. f3 f4 35. Rg1 Rh8 36. Rg2 b6 37. Bb3 Rd4+ 38. Kc3 bxc5 39. bxc5 Rb8 40. a4
Rh8 41. Rg4 Rd8 42. Bc2 Rd7 43. Bb3 Rd8 44. Bc2 Rf8 45. Bb3 Rb8 46. Bc2 a5 47.
Rxf4 Rxd5 48. exd5 exf4 49. Bd3 Kf6 50. Bb5 Ke5 51. Kc4 g5 52. Bc6 Rb1 53. Ba8
Rb4+ 54. Kc3 Rxa4 55. d6 Ra1 56. d7 Rd1 57. Bc6 Kf6 58. Ba4 Rd5 59. Kc4 Ke5 60.
c6 Rd6 61. Kb5 g4 62. fxg4 f3 63. Ka6 Ke6 64. Kb7 f2 65. Bb5 a4 66. Kxc7 Ke7
67. Kb8 Rxc6 68. g5 Kxd7 69. g6 Kd8 70. g7 Rg6 0-1

[Event "VIII Festival de Semana Santa"]
[Site "Mondariz Balneario, Pontevedra"]
[Date "2011.04.18"]
[Round "3.7"]
[White "Beltran De Heredia E, Miguel"]
[Black "Fernandez Rey, Jorge"]
[Result "1-0"]
[WhiteElo "2116"]
[BlackElo "1688"]
[PlyCount "61"]
[EventDate "2011.04.16"]

1. e4 Nf6 2. e5 Nd5 3. d4 d6 4. c4 Nb6 5. exd6 cxd6 6. Nc3 Bf5 7. Be3 e6 8. Nf3
N8d7 9. b3 Rc8 10. Rc1 Be7 11. Bd3 Bg4 12. h3 Bh5 13. g4 Bg6 14. Kf1 f5 15. h4
fxg4 16. Ng5 Bxd3+ 17. Qxd3 Nf8 18. d5 e5 19. Kg2 h6 20. Ne6 Nxe6 21. Qg6+ Kf8
22. dxe6 Qe8 23. Qxg4 h5 24. Qe4 Rc6 25. Nd5 Nc8 26. f4 g6 27. f5 Bd8 28. Rcf1
Kg7 29. f6+ Kh7 30. e7 Bb6 31. f7 1-0

[Event "VIII Festival de Semana Santa"]
[Site "Mondariz Balneario, Pontevedra"]
[Date "2011.04.18"]
[Round "3.8"]
[White "Fernandez De Pablo, Miguel A"]
[Black "Salas Rasilla, Concepcion"]
[Result "1-0"]
[WhiteElo "2160"]
[BlackElo "1809"]
[PlyCount "61"]
[EventDate "2011.04.16"]

1. e4 c5 2. Nf3 e6 3. d4 cxd4 4. Nxd4 a6 5. Be2 Nf6 6. Nc3 Qc7 7. O-O Be7 8. f4
d6 9. a4 O-O 10. Be3 Nc6 11. Nb3 b6 12. g4 Bb7 13. g5 Nd7 14. Rf3 Rad8 15. Rh3
Rfe8 16. Bd3 Nb4 17. Qh5 Nf8 18. Rf1 d5 19. f5 exf5 20. exf5 Nxd3 21. cxd3 d4
22. f6 Qc6 23. Ne4 dxe3 24. fxg7 Qg6 25. gxf8=Q+ Rxf8 26. Qxg6+ fxg6 27. Rxf8+
Rxf8 28. Rxe3 Rf5 29. Nd4 Bxe4 30. Nxf5 Bxf5 31. Rxe7 1-0

[Event "VIII Festival de Semana Santa"]
[Site "Mondariz Balneario, Pontevedra"]
[Date "2011.04.18"]
[Round "3.9"]
[White "Feijoo Novoa, Carlos"]
[Black "Llaneras Henarejos, Miguel"]
[Result "1-0"]
[WhiteElo "2089"]
[BlackElo "1746"]
[PlyCount "35"]
[EventDate "2011.04.16"]

1. d4 g6 2. e4 Bg7 3. c4 d6 4. Nc3 Nf6 5. f4 c5 6. dxc5 dxc5 7. Qxd8+ Kxd8 8.
e5 Ng4 9. h3 Nh6 10. Be3 Na6 11. O-O-O+ Ke8 12. g4 f5 13. exf6 exf6 14. Bg2 f5
15. g5 Bxc3 16. gxh6 Bf6 17. Rd6 Ke7 18. Rxa6 1-0

[Event "VIII Festival de Semana Santa"]
[Site "Mondariz Balneario, Pontevedra"]
[Date "2011.04.18"]
[Round "3.10"]
[White "Blanco Montes, Jorge"]
[Black "Garcia Magadan, Ramon"]
[Result "0-1"]
[WhiteElo "1733"]
[BlackElo "2046"]
[PlyCount "61"]
[EventDate "2011.04.16"]

1. e4 e5 2. f4 d5 3. exd5 exf4 4. Nf3 Nf6 5. Nc3 Nxd5 6. Bc4 Nxc3 7. dxc3 Bd6
8. O-O O-O 9. Nd4 Qh4 10. Nf3 Qh5 11. Qd5 Qxd5 12. Bxd5 Nc6 13. Nd4 Nxd4 14.
cxd4 c6 15. Bb3 g5 16. h4 h6 17. hxg5 hxg5 18. g3 Bh3 19. Rf2 fxg3 20. Rf6 Be7
21. Rf3 g4 22. Rxg3 Bd6 23. Rd3 Rfe8 24. Bg5 Re2 25. Rd2 Rae8 26. Bc4 Rxd2 27.
Bxd2 Bg3 28. Bf1 f5 29. Bd3 f4 30. Bc4+ Kg7 31. d5 0-1

[Event "VIII Festival de Semana Santa"]
[Site "Mondariz Balneario, Pontevedra"]
[Date "2011.04.18"]
[Round "3.11"]
[White "Nunez Alonso, Juan"]
[Black "Martins, David Pires Tavares"]
[Result "0-1"]
[WhiteElo "1681"]
[BlackElo "2011"]
[PlyCount "116"]
[EventDate "2011.04.16"]

1. e4 c6 2. d4 d5 3. Nc3 dxe4 4. Nxe4 Bf5 5. Ng3 Bg6 6. Nf3 Nd7 7. h4 h6 8. h5
Bh7 9. Bd3 Bxd3 10. Qxd3 Ngf6 11. Bf4 Qa5+ 12. Bd2 Qc7 13. O-O-O e6 14. c4
O-O-O 15. Ne4 Nxe4 16. Qxe4 Nf6 17. Qe2 Bd6 18. g3 Rhe8 19. Bc3 Qe7 20. Kb1 Bc7
21. Ne5 Nd7 22. Qf3 f6 23. Ng6 Qf7 24. Rhe1 Nf8 25. Nxf8 Rxf8 26. b3 Rfe8 27.
Rd2 Bb6 28. Red1 Rd7 29. Kb2 Red8 30. a4 a6 31. a5 Ba7 32. Qg4 Kb8 33. Qf3 Ka8
34. g4 Rd6 35. Qf4 Qd7 36. f3 Qc8 37. Kc2 c5 38. dxc5 Rxd2+ 39. Rxd2 Bxc5 40.
Qe4 Rxd2+ 41. Bxd2 Qd7 42. Be3 Bb4 43. Qh7 Qe7 44. Qg8+ Qf8 45. Qxe6 Bxa5 46.
Qd5 Bc7 47. Bc5 Qe8 48. Kd3 Qe1 49. Qg8+ Bb8 50. Qxg7 Qd1+ 51. Ke4 Qe2+ 52. Be3
Qc2+ 53. Kd5 Qd3+ 54. Bd4 Qxf3+ 55. Kc5 Ba7+ 56. Kb4 Bxd4 57. Qxh6 Qc3+ 58. Ka4
Bc5 0-1

[Event "VIII Festival de Semana Santa"]
[Site "Mondariz Balneario, Pontevedra"]
[Date "2011.04.18"]
[Round "3.12"]
[White "Ruiz Martinez, Isidro"]
[Black "Martins, Guilherme Pires Tava"]
[Result "1-0"]
[WhiteElo "1989"]
[BlackElo "1627"]
[PlyCount "65"]
[EventDate "2011.04.16"]

1. e4 e6 2. d4 c5 3. Nf3 Nc6 4. d5 exd5 5. exd5 Nce7 6. c4 d6 7. Nc3 g6 8. Ne4
h6 9. Qa4+ Qd7 10. Nxd6+ Kd8 11. Nxf7+ Ke8 12. Qxd7+ Bxd7 13. N3e5 Rh7 14. Nd6+
Kd8 15. Nxb7+ Kc7 16. Nxd7 Kxd7 17. Nxc5+ Kd6 18. b4 Rf7 19. Bb2 Nf5 20. Bd3
Re8+ 21. Ne4+ Kc7 22. c5 Nf6 23. d6+ Kd8 24. f3 Nd5 25. Bc4 Nfe3 26. Bxd5 Nxd5
27. b5 Rb7 28. a4 Ne3 29. Bf6+ Kc8 30. c6 Nc2+ 31. Kf2 Nxa1 32. cxb7+ Kxb7 33.
Rxa1 1-0

[Event "VIII Festival de Semana Santa"]
[Site "Mondariz Balneario, Pontevedra"]
[Date "2011.04.18"]
[Round "3.14"]
[White "Saez Gabikagogeaskoa, Oscar"]
[Black "Sio Areal, Manuel"]
[Result "1-0"]
[WhiteElo "1968"]
[BlackElo "1456"]
[PlyCount "86"]
[EventDate "2011.04.16"]

1. e4 c5 2. c3 d6 3. Nf3 Nf6 4. Be2 g6 5. O-O Bg7 6. Re1 O-O 7. Bf1 a6 8. d4
cxd4 9. cxd4 b5 10. Bd3 Bg4 11. Be3 Nc6 12. Nbd2 e5 13. d5 Nb4 14. Bb1 a5 15.
a3 Na6 16. Bd3 Bd7 17. Qe2 Nc7 18. Rac1 h5 19. Bb6 Nfe8 20. Rc2 Ra6 21. Be3 f5
22. Bg5 Bf6 23. Bh6 Bg7 24. Bxg7 Kxg7 25. Rec1 f4 26. a4 Rb6 27. axb5 Nxb5 28.
Nc4 Rb8 29. Qd2 Bg4 30. Be2 Bxf3 31. Bxf3 Nd4 32. Rc3 Nb3 33. Rxb3 Rxb3 34.
Nxa5 Rb5 35. Nc6 Qb6 36. b4 Rh8 37. Be2 Nf6 38. Bxb5 Qxb5 39. f3 h4 40. Qf2 g5
41. Qa7+ Kh6 42. Qf7 Nh5 43. Ne7 Qf1+ 1-0

[Event "VIII Festival de Semana Santa"]
[Site "Mondariz Balneario, Pontevedra"]
[Date "2011.04.18"]
[Round "3.17"]
[White "Juan Morado, Miguel"]
[Black "Perez Dominguez, David"]
[Result "1/2-1/2"]
[WhiteElo "1910"]
[BlackElo "1791"]
[PlyCount "70"]
[EventDate "2011.04.16"]

1. e4 c5 2. Nf3 d6 3. d4 cxd4 4. Nxd4 Nf6 5. Nc3 a6 6. Bc4 e6 7. O-O b5 8. Bb3
Be7 9. Be3 O-O 10. Re1 Bd7 11. f3 Qc7 12. a4 Nc6 13. axb5 Nxd4 14. Qxd4 axb5
15. g4 Bc6 16. Ra7 Rxa7 17. Qxa7 Qxa7 18. Bxa7 Ra8 19. Be3 Nd7 20. Kg2 Nc5 21.
Rb1 h6 22. Ne2 Nxb3 23. cxb3 Bd7 24. Rc1 Rc8 25. Rxc8+ Bxc8 26. Nd4 Bd7 27. Kf2
Bf6 28. Ke2 Bxd4 29. Bxd4 Bc6 30. b4 d5 31. Ke3 dxe4 32. fxe4 Kh7 33. h4 Kg6
34. Kf4 f6 35. e5 Bd5 1/2-1/2

[Event "VIII Festival de Semana Santa"]
[Site "Mondariz Balneario, Pontevedra"]
[Date "2011.04.18"]
[Round "3.18"]
[White "Cabanas Rodriguez, Roi"]
[Black "Pousada Gonzalez, Almudena"]
[Result "1-0"]
[WhiteElo "1846"]
[BlackElo "1742"]
[PlyCount "77"]
[EventDate "2011.04.16"]

1. c4 e5 2. g3 Nc6 3. Bg2 g6 4. Nc3 Bg7 5. Nf3 d6 6. d3 f5 7. Bg5 Nf6 8. Nd5
O-O 9. O-O h6 10. Nxf6+ Bxf6 11. Bxh6 Rf7 12. Qd2 Bd7 13. Ng5 Bxg5 14. Qxg5
Qxg5 15. Bxg5 f4 16. Bd5 Raf8 17. f3 Kg7 18. Bxf7 Rxf7 19. gxf4 exf4 20. Kf2
Nd4 21. Rac1 Bh3 22. Rg1 Ne6 23. e3 Nc5 24. Rcd1 Bf5 25. e4 Bh3 26. d4 Ne6 27.
e5 Rf5 28. Bf6+ Kf7 29. b4 Nf8 30. Rg5 Nd7 31. Rxf5 Bxf5 32. Bd8 dxe5 33. Bxc7
exd4 34. Rxd4 Nf8 35. Bb8 a6 36. h4 Kf6 37. Bxf4 Ne6 38. Bg5+ Ke5 39. Rd5# 1-0

[Event "VIII Festival de Semana Santa"]
[Site "Mondariz Balneario, Pontevedra"]
[Date "2011.04.18"]
[Round "3.19"]
[White "Fernandez Andrade, Antonio"]
[Black "Olivera Miras, Albert"]
[Result "1-0"]
[WhiteElo "1825"]
[BlackElo "1573"]
[PlyCount "99"]
[EventDate "2011.04.16"]

1. d4 d5 2. Nf3 Nf6 3. e3 Bf5 4. c4 dxc4 5. Bxc4 e6 6. Qb3 Be4 7. Nbd2 Bd5 8.
O-O Ne4 9. Bxd5 Qxd5 10. Qxd5 exd5 11. Nxe4 dxe4 12. Ng5 f5 13. Bd2 Bd6 14. Ne6
Kf7 15. Ng5+ Ke7 16. f3 h6 17. Nh3 Nc6 18. fxe4 fxe4 19. Nf4 Kd7 20. Ng6 Rhe8
21. Rf7+ Be7 22. Rxg7 Rg8 23. Rxg8 Rxg8 24. Nxe7 Nxe7 25. Rf1 Ke6 26. Rf4 Kd5
27. b3 Ng6 28. Rf5+ Ke6 29. Rh5 Rh8 30. Bc3 Rh7 31. Kf1 Ne7 32. Re5+ Kd7 33.
Rxe4 Nd5 34. Bd2 Kd6 35. Ke2 c5 36. dxc5+ Kxc5 37. Rc4+ Kd6 38. Rh4 Ke6 39. Kd3
Ne7 40. e4 Ng6 41. Rxh6 Rxh6 42. Bxh6 Ne5+ 43. Ke2 Ng4 44. Bf4 Nf6 45. Kd3 Ng4
46. h3 Nf2+ 47. Kd4 Nd1 48. Bg3 Kf6 49. Kd3 Nb2+ 50. Kc2 1-0

[Event "VIII Festival de Semana Santa"]
[Site "Mondariz Balneario, Pontevedra"]
[Date "2011.04.18"]
[Round "3.20"]
[White "Nunez Alonso, Raul"]
[Black "Picazo Gonzalez, Ana"]
[Result "0-1"]
[WhiteElo "1442"]
[BlackElo "1722"]
[PlyCount "60"]
[EventDate "2011.04.16"]

1. e4 e6 2. d4 d5 3. e5 c5 4. c3 Qb6 5. Nf3 Nc6 6. Be2 cxd4 7. cxd4 Nh6 8. Na3
Bb4+ 9. Kf1 Bxa3 10. bxa3 Nf5 11. Be3 Nxe3+ 12. fxe3 O-O 13. Qb3 Na5 14. Qc2
Bd7 15. Rb1 Rac8 16. Qd3 Qc7 17. Kf2 Qc2 18. Qxc2 Rxc2 19. Rhc1 Rfc8 20. Rxc2
Rxc2 21. Ra1 Bb5 22. Ng1 Nc4 23. Ke1 Ba6 24. Nf3 Nxe3 25. Bxa6 bxa6 26. g3 g5
27. h3 Rg2 28. g4 Nc2+ 29. Kf1 Rg3 30. Kf2 Rxf3+ 0-1

[Event "VIII Festival de Semana Santa"]
[Site "Mondariz Balneario, Pontevedra"]
[Date "2011.04.19"]
[Round "4.1"]
[White "Martinez Rodriguez, Pablo"]
[Black "Renteria, Jorge"]
[Result "1/2-1/2"]
[WhiteElo "2284"]
[BlackElo "2292"]
[PlyCount "120"]
[EventDate "2011.04.16"]

1. d4 Nf6 2. Nf3 g6 3. c4 Bg7 4. Nc3 O-O 5. e4 d6 6. Be2 c5 7. d5 b5 8. cxb5 a6
9. O-O axb5 10. Bxb5 Ba6 11. Qe2 Qa5 12. a4 Bxb5 13. Nxb5 Qb4 14. Nc3 Nbd7 15.
Bd2 Rfb8 16. Rfb1 Qb7 17. h3 Ne8 18. Nh2 Qa6 19. Kf1 c4 20. Ng4 Nc5 21. Ne3 Nd3
22. Be1 Nc7 23. Ra3 e6 24. Ncd1 exd5 25. exd5 Re8 26. Qf3 Nxe1 27. Kxe1 Rab8
28. Kd2 Rb4 29. Nc3 Qa5 30. Ned1 Rbb8 31. Ne3 Qc5 32. Qf4 Rxb2+ 33. Rxb2 Qxa3
34. Rc2 Na6 35. Qxc4 Nc5 36. Nb5 Qxa4 37. Qxa4 Nxa4 38. Nxd6 Rd8 39. Rc8 Rxc8
40. Nxc8 Kf8 41. Nc4 Ke8 42. N8d6+ Ke7 43. Ne4 f5 44. Ng5 Nc3 45. d6+ Kd7 46.
Nxh7 Ne4+ 47. Ke3 Nxd6 48. Nxd6 Kxd6 49. g4 fxg4 50. hxg4 Bh6+ 51. Ke4 Ke6 52.
f4 Bg7 53. Ng5+ Ke7 54. Kd5 Bb2 55. Nf3 Bc1 56. Ke4 Kf6 57. g5+ Kg7 58. Ne5 Bd2
59. Nf3 Bc1 60. Ke5 Kf7 1/2-1/2

[Event "VIII Festival de Semana Santa"]
[Site "Mondariz Balneario, Pontevedra"]
[Date "2011.04.19"]
[Round "4.2"]
[White "Montanes Arribas, Adrian"]
[Black "Villar Perez, Samuel"]
[Result "0-1"]
[WhiteElo "2160"]
[BlackElo "2156"]
[PlyCount "78"]
[EventDate "2011.04.16"]

1. e4 e6 2. d4 d5 3. Nc3 dxe4 4. Nxe4 Bd7 5. Nf3 Bc6 6. Bd3 Nd7 7. O-O Ngf6 8.
Ng3 Be7 9. c3 O-O 10. Qe2 Bxf3 11. Qxf3 c6 12. Rd1 Re8 13. Bc2 Bf8 14. Nh5 Nxh5
15. Qxh5 g6 16. Qf3 Bg7 17. Bb3 a5 18. a4 Qb6 19. Bc4 Nf6 20. Bg5 Nd5 21. Rab1
Qc7 22. Bh4 Qd7 23. Bg3 Bf8 24. Be5 Bd6 25. Re1 Rad8 26. h4 Bxe5 27. Rxe5 h5
28. g4 hxg4 29. Qxg4 Nf6 30. Qg5 Kg7 31. Rxa5 Rh8 32. Be2 Rh6 33. Kg2 Rdh8 34.
Rh1 Rh5 35. Bxh5 Rxh5 36. f4 Rxg5+ 37. hxg5 Nd5 38. Rh6 Qc7 39. Ra8 Qxf4 0-1

[Event "VIII Festival de Semana Santa"]
[Site "Mondariz Balneario, Pontevedra"]
[Date "2011.04.19"]
[Round "4.3"]
[White "Ballesteros Galvez, Daniel"]
[Black "Gonzalez Roca, Pablo"]
[Result "0-1"]
[WhiteElo "1683"]
[BlackElo "2024"]
[PlyCount "64"]
[EventDate "2011.04.16"]

1. e4 c5 2. c3 Nf6 3. e5 Nd5 4. d4 cxd4 5. Nf3 Nc6 6. cxd4 d6 7. Bc4 dxe5 8.
dxe5 e6 9. O-O Be7 10. Bd2 O-O 11. Nc3 Ncb4 12. a3 Nxc3 13. Bxc3 Nd5 14. Qb3
Nxc3 15. Qxc3 Bd7 16. Rfd1 Qc7 17. Rac1 Rac8 18. Qe3 Bc5 19. Qf4 Qb6 20. Rc2
Ba4 21. b3 Bxb3 22. Bxb3 Qxb3 23. Rdc1 Qxa3 24. Ng5 h6 25. Ne4 b6 26. Rc3 Qb2
27. R3c2 Qd4 28. Rc4 Qd5 29. Nf6+ gxf6 30. Qxh6 Bxf2+ 31. Kxf2 Rxc4 32. Qxf6
Qd2+ 0-1

[Event "VIII Festival de Semana Santa"]
[Site "Mondariz Balneario, Pontevedra"]
[Date "2011.04.19"]
[Round "4.4"]
[White "Fernandez De Pablo, Miguel A"]
[Black "Beltran De Heredia E, Miguel"]
[Result "0-1"]
[WhiteElo "2160"]
[BlackElo "2116"]
[PlyCount "104"]
[EventDate "2011.04.16"]

1. e4 c5 2. Nf3 e6 3. d4 cxd4 4. Nxd4 a6 5. Nc3 Qc7 6. Be2 Nf6 7. O-O Nc6 8.
Be3 Be7 9. f4 d6 10. a4 O-O 11. Nb3 b6 12. Bf3 Rb8 13. Qe2 Re8 14. g4 d5 15.
exd5 Nb4 16. Bd4 Nbxd5 17. Nxd5 exd5 18. Be5 Bd6 19. Rae1 Bb7 20. Bxd6 Qxd6 21.
Qd2 Rbd8 22. g5 Ne4 23. Bxe4 dxe4 24. Qxd6 Rxd6 25. Rd1 Rxd1 26. Rxd1 e3 27.
Re1 g6 28. Nd4 Re4 29. c3 a5 30. Nc2 e2 31. Nd4 Ba6 32. b3 Rxf4 33. Nxe2 Rg4+
34. Ng3 Rxg5 35. Re8+ Kg7 36. Rb8 b5 37. Ra8 bxa4 38. Rxa6 axb3 39. Kf2 Rb5 40.
Ne4 b2 41. Nd2 Rd5 42. Nb1 Rd1 43. Na3 Ra1 44. Rxa5 b1=Q 45. Nxb1 Rxa5 46. Ke3
f5 47. c4 Kf6 48. Kd4 Ke6 49. Nc3 g5 50. c5 Ra8 51. c6 Kd6 52. c7 Kxc7 0-1

[Event "VIII Festival de Semana Santa"]
[Site "Mondariz Balneario, Pontevedra"]
[Date "2011.04.19"]
[Round "4.5"]
[White "Madurga Lopez, Ignacio"]
[Black "Lorenzo Duran, Marcos"]
[Result "0-1"]
[WhiteElo "2017"]
[BlackElo "2140"]
[PlyCount "84"]
[EventDate "2011.04.16"]

1. e4 e6 2. d4 d5 3. e5 c5 4. c3 Nc6 5. Nf3 Qb6 6. a3 Nh6 7. b4 cxd4 8. cxd4
Nf5 9. Bb2 Be7 10. Nc3 Ncxd4 11. Nxd4 Qxd4 12. Qxd4 Nxd4 13. Nxd5 Nc2+ 14. Kd2
Nxa1 15. Nc7+ Kd8 16. Nxa8 Bg5+ 17. Kc3 Bd7 18. Bxa1 Ke7 19. Nb6 axb6 20. Kb3
Rc8 21. Bd3 Bc6 22. Bc3 Bxg2 23. Rg1 Bd5+ 24. Kb2 Bf4 25. Bd4 g6 26. h4 Bf3 27.
Re1 Bd2 28. Rg1 Rd8 29. Kc2 Rxd4 30. Kxd2 Rxh4 31. Ke3 Bc6 32. Rc1 Rh3+ 33. Ke2
Rh5 34. f4 Rh2+ 35. Ke3 Rh3+ 36. Ke2 h5 37. b5 Bf3+ 38. Kf2 Bd5 39. Ke2 h4 40.
Rc7+ Kf8 41. Kd2 Rxd3+ 42. Kxd3 h3 0-1

[Event "VIII Festival de Semana Santa"]
[Site "Mondariz Balneario, Pontevedra"]
[Date "2011.04.19"]
[Round "4.6"]
[White "Clemente Llamero, Roberto"]
[Black "Ruiz Martinez, Isidro"]
[Result "1-0"]
[WhiteElo "2114"]
[BlackElo "1989"]
[PlyCount "51"]
[EventDate "2011.04.16"]

1. e4 e5 2. Nf3 Nc6 3. Bb5 a6 4. Ba4 Nf6 5. d3 b5 6. Bb3 Bc5 7. O-O d6 8. c3
Bg4 9. Nbd2 O-O 10. Re1 Ne7 11. h3 Bd7 12. Nf1 Ng6 13. Ng3 Qc8 14. d4 exd4 15.
cxd4 Bb4 16. Bd2 Bxd2 17. Qxd2 Be6 18. d5 Bd7 19. Rac1 Re8 20. Nd4 Bxh3 21.
gxh3 Qxh3 22. Ndf5 Ne5 23. Bd1 Rac8 24. Qg5 Ng6 25. Nxg7 Re5 26. N7f5 1-0